| 000 | 01065nam a2200253 a 4500 | ||
|---|---|---|---|
| 001 | 000003904 | ||
| 005 | 20240307073941.0 | ||
| 008 | 090715s2006 dr ad 001 0 spa d | ||
| 040 |
_aDO-SdBNP _bspa _cBNPHU |
||
| 082 |
_a658.3 _bV476p |
||
| 100 | 1 |
_aVeras de Vargas, Miguelina _911766 |
|
| 245 | 1 | 0 |
_aPrácticas de gestión humana en la República Dominicana, 2005 / _cMiguelina Veras de Vargas, César Cuello ; prólogo Altagracia López. |
| 260 |
_aSanto Domingo : _bINTEC : _bROS Seguros y Consultoría, _c2006. |
||
| 300 |
_a96 p. : _bil. , diagr. ; _c23 cm. |
||
| 500 | _aIncluye datos biográficos del autor | ||
| 504 | _aIncluye referencias bibliográficas y notas al pie de las páginas | ||
| 504 | _aBibliografía : p. 73-74 | ||
| 590 | _aInventariado, 2018/ YL | ||
| 650 | 4 |
_aAdministración de personal _zRepública Dominicana _xEncuestas _y2005 _911767 |
|
| 700 | 1 |
_aCuello, César _911768 |
|
| 700 | 1 |
_aLópez, Altagracia, _epról. _911769 |
|
| 710 | 2 |
_aInstituto Tecnológico de Santo Domingo _978911 |
|
| 910 | _aValidado. Control de calidad. MMOLINA | ||
| 999 |
_c3724 _d3724 |
||